| 000 | 00800cam a22002055a 4500 | ||
|---|---|---|---|
| 001 | L156876 | ||
| 008 | 120724s1872 fr f 000 0 eng d | ||
| 035 | _a(Sirsi) u156876 | ||
| 041 | 0 | _aeng | |
| 100 | 1 |
_aPerrin, L. _q(Louis) |
|
| 245 | 0 | 0 | _aCode des constructions et de la contiguite par M. L. Perrin (1846) suivi du code des proprietaires, des locataires, des usufruitiers et des constructeurs de maisons par M. L. Tripier ... 1872 |
| 260 |
_aParis _bMenard et David, Editeurs _c1872 |
||
| 300 |
_axii, 939, 80 p. _c22 cm. |
||
| 520 | _aThe name "Arthur Cates" is inscribed on the top right corner of the front endpaper. | ||
| 583 |
_aCondition reviewed _c20120620 _lcondition level 1 |
||
| 651 | 4 | _aFrance | |
| 690 |
_aConstruction management _96230 |
||
| 700 | 1 | _aTripier, L. | |
| 942 | _n0 | ||
| 999 |
_c114462 _d114462 |
||